| 000 | 00554cam a22002172a 4500 | ||
|---|---|---|---|
| 001 | 024632 | ||
| 003 | AR-FADEU | ||
| 008 | 311216n1991####xxu####################dd | ||
| 020 | _a968-39-0452-1 | ||
| 092 |
_a306 _bG318m _eBDT |
||
| 100 | _aGellner, Ernest | ||
| 245 | _aNaciones y nacionalismo | ||
| 260 | _aMéxico | ||
| 260 | _bAlianza | ||
| 260 | _c1991 | ||
| 300 | _a189 p | ||
| 440 |
_aLos noventa _n53 |
||
| 500 | _aIncluye bibliografĂa | ||
| 650 | _aCAMBIO SOCIAL; NACIONALISMO; IGUALITARISMO; CULTURA Y POLITICA/BDT/ | ||
| 942 | _cBDT | ||
| 999 |
_c30319 _d30319 |
||